Statistics for Реки Российских Городов

Click here to take the quiz!

General Stats

  • This quiz has been taken 322 times
  • The average score is 16 of 35

Answer Stats

ГородРека% Correct
СаратовВолга
91%
ЯрославльВолга
91%
ВолгоградВолга
91%
ТольяттиВолга
91%
УльяновскВолга
91%
СамараВолга
91%
Нижний НовгородВолга
91%
КазаньВолга
91%
МоскваМосква-река
90%
Санкт-ПетербургНева
77%
БарнаулОбь
73%
НовосибирскОбь
73%
КрасноярскЕнисей
69%
Ростов-на-ДонуДон
69%
ХабаровскАмур
59%
ОмскИртыш
44%
Набережные ЧелныКама
37%
ПермьКама
37%
ОренбургУрал
35%
ИркутскАнгара
30%
КраснодарКубань
23%
ВоронежВоронеж
22%
КемеровоТомь
21%
НовокузнецкТомь
21%
ТомскТомь
21%
УфаБелая
15%
ЕкатеринбургИсеть
15%
ЧелябинскМиасс
10%
ИжевскИж
8%
ТюменьТура
5%
СевастопольЧерная
4%
СтавропольТашла
3%
БалашихаПехорка
3%
ВладивостокПервая речка
2%
МахачкалаТарнаирка/Талгинка
2%

Score Distribution

Percentile by Number Answered

Percent of People with Each Score

Your Score History

You have not taken this quiz